000
00312nam a22001337a 4500
008
171005b xxu||||| |||| 00| 0 eng d
020
_a
9781429246699
041
_a
eng
080
_a
159.9
100
_a
48
101
_a
PSI
245
_a
WHAT A GUIDE BILOGY WITH PHYSIOLOGY
_c
PHELAN.L
942
_2
udc
_c
BK
999
_c
31843
_d
31843